00342nam a2200121Ia 4500008004000000020001800040082001500058100002500073245002900098260003400127300001100161650004800172210210b2006 xxu||||| |||| 00| 0 eng d a81 8094 024 1 a620.8 PASM aPASUPULETI (Mukesh). aMolecular biotechnology. aChennaibMJP Publishersc2006 axx,451 aMolecular Biotechnology Genetic Engineering